El tiempo más hermoso /

Guardado en:
Autor Principal: Vocos Lescano, Jorge
Formato: Libro
Publicado: Buenos Aires : Losada, 1967
Edición:4a. ed.
Series:Lecturas Selectas Escolares
Materias:
Etiquetas: Agregar Etiqueta
Sin Etiquetas, Sea el primero en etiquetar este registro!
LEADER 00618nam a22002175a 4500
001 CEM.cems006598
005 20101109092856.0
008 130507s1967##################000#0#####d
003 CEMS
082 0 4 |a A863.4 
100 1 |a Vocos Lescano, Jorge 
245 1 0 |a El tiempo más hermoso /  |c Jorge Vocos Lescano 
250 |a 4a. ed. 
260 |a Buenos Aires :  |b Losada,  |c 1967 
300 |a 116 p. 
490 0 |a Lecturas Selectas Escolares 
653 |a Literatura 
653 |a Literatura argentina 
653 |a Cuentos 
653 |a Cuento argentino-siglo 20 
859 |a CEMS  |b BIB. CEMS - 11 de abril  |h A863.4  |i V855a4  |p 9183.81  |t Ej.1